书目信息 |
| 题名: |
漫画唐诗
|
|
| 作者: | 洋洋兔 编绘 | |
| 分册: | ||
| 出版信息: | 北京 北京理工大学出版社 2009.05 |
|
| 页数: | 174页 | |
| 开本: | 24cm | |
| 丛书名: | 漫画中国·国学系列丛书 | |
| 单 册: | ||
| 中图分类: | J228.2 | |
| 科图分类: | ||
| 主题词: | 漫画--连环画--中国--现代 | |
| 电子资源: | ||
| ISBN: | 978-7-5640-1658-6 | |
| 000 | 00721nam0 2200217 450 | |
| 005 | 20100706141230.81 | |
| 010 | @a978-7-5640-1658-6@dCNY25.00@z7-5640-1658-2 | |
| 100 | @a20100515d2009 em y0chiy0110 ea | |
| 101 | 0 | @achi |
| 102 | @aCN@b110000 | |
| 105 | @aa z 000yy | |
| 200 | 1 | @a漫画唐诗@Aman hua tang shi@f洋洋兔编绘 |
| 210 | @a北京@c北京理工大学出版社@d2009.05 | |
| 215 | @a174页@c图@d24cm | |
| 225 | 2 | @a漫画中国·国学系列丛书 |
| 330 | @a本书主要内容包括:怀才不遇、八十岁的诗人、慧眼识才、吟诗误功名、淡泊的人生、同路知己、有情人终成眷属、李白出蜀、诗人的情谊等。 | |
| 606 | 0 | @a漫画@x连环画@y中国@z现代 |
| 690 | @aJ228.2@v4 | |
| 701 | 0 | @a洋洋兔@4编绘 |
| 801 | 0 | @aCN@c20100515 |
| 905 | @dJ228.2@eY340@f3 | |
| 漫画唐诗/洋洋兔编绘.-北京:北京理工大学出版社,2009.05 |
| 174页:图;24cm.-(漫画中国·国学系列丛书) |
| ISBN 978-7-5640-1658-6:CNY25.00 |
| 本书主要内容包括:怀才不遇、八十岁的诗人、慧眼识才、吟诗误功名、淡泊的人生、同路知己、有情人终成眷属、李白出蜀、诗人的情谊等。 |
| ● |
| 相关链接 |
|
|
|
正题名:漫画唐诗
索取号:J228.2/Y340
 
预约/预借
| 序号 | 登录号 | 条形码 | 馆藏地/架位号 | 状态 | 备注 |
| 1 | 986075 | 209860756 | 艺术设计学院资料室/ [索取号:J228.2/Y340] | 在馆 | |
| 2 | 986076 | 209860765 | 社科库309/309社科库 77排2列2层/ [索取号:J228.2/Y340] | 在馆 | |
| 3 | 986077 | 209860774 | 社科库309/309社科库 77排2列2层/ [索取号:J228.2/Y340] |
已借出,限还日期为2026.06.03 借出人:邢佟佟 |